000 00343nam a22001457a 4500
008 210311b ||||| |||| 00| 0 eng d
020 _a0941212289
041 _aeng
080 _a573
082 _a573
100 _a11
101 _aBIO
245 _aBiology Labs That Work: The Best of How-To-Do-Its,Volume II
_cBlack,S
942 _2udc
_cBK
999 _c56432
_d56432